|
|
|
|
| LEADER |
00000nam2a2200000 4500 |
| 001 |
15413 |
| 005 |
20231030190221.0 |
| 035 |
|
|
|a (RuTPU)RU\TPU\book\15521
|
| 035 |
|
|
|a BOOK00000209
|
| 090 |
|
|
|a 15413
|
| 100 |
|
|
|a 20011209d1955 km y0rusy50 ca
|
| 101 |
0 |
|
|a rus
|
| 102 |
|
|
|a RU
|
| 105 |
|
|
|a ab z 000zy
|
| 200 |
0 |
|
|a Т. 1: История первобытного общества и древнего мира (до IV-V вв. н.э.)
|f Под ред. Ю. П. Францева
|
| 210 |
|
|
|d 1955
|
| 215 |
|
|
|a 748 с.
|c 40 л. ил. и карт.
|
| 461 |
|
1 |
|0 (RuTPU)RU\TPU\book\64586
|t Всемирная история
|o В 10 т.
|f Гл. ред. Е. М. Жуков
|v Т. 1: История первобытного общества и древнего мира (до IV-V вв. н.э.)
|d 1955-
|
| 606 |
1 |
|
|a Всеобщая история
|2 stltpush
|3 (RuTPU)RU\TPU\subj\3762
|
| 610 |
1 |
|
|a история
|
| 610 |
1 |
|
|a Всемирная история
|
| 610 |
1 |
|
|a Древний мир
|
| 610 |
1 |
|
|a Первобытное общество
|
| 610 |
1 |
|
|a 4 век
|
| 610 |
1 |
|
|a 5 век
|
| 610 |
1 |
|
|a каменный век
|
| 610 |
1 |
|
|a рабовладельческие государства, древние
|
| 610 |
1 |
|
|a двуречье
|
| 610 |
1 |
|
|a Древний Египет
|
| 610 |
1 |
|
|a Шумер
|
| 610 |
1 |
|
|a 2 век до н.э.
|
| 610 |
1 |
|
|a 1 век до н.э.
|
| 610 |
1 |
|
|a Вавилония
|
| 610 |
1 |
|
|a Ассирия
|
| 610 |
1 |
|
|a Малая Азия
|
| 610 |
1 |
|
|a Финикия
|
| 610 |
1 |
|
|a Эгейский мир
|
| 610 |
1 |
|
|a Древний Восток
|
| 610 |
1 |
|
|a Аравия
|
| 610 |
1 |
|
|a Урарту
|
| 610 |
1 |
|
|a Скифы
|
| 610 |
1 |
|
|a Египет
|
| 610 |
1 |
|
|a 11 век до н.э.
|
| 610 |
1 |
|
|a Греция
|
| 610 |
1 |
|
|a 10 век до н.э.
|
| 610 |
1 |
|
|a 9 век до н.э.
|
| 610 |
1 |
|
|a 8 век до н.э.
|
| 610 |
1 |
|
|a 7 век до н.э.
|
| 610 |
1 |
|
|a 6 век до н.э.
|
| 686 |
|
|
|a Т3(0)
|v LBC/SL-A
|2 rubbk
|
| 702 |
|
1 |
|a Францев
|b Ю. П.
|4 340
|
| 801 |
|
0 |
|a RU
|b 63413507
|c 20011209
|g PSBO
|
| 801 |
|
2 |
|a RU
|b 63413507
|c 20230207
|g PSBO
|
| 942 |
|
|
|c BK
|